Všeobecný ekonomický rast stimuloval ceny surovín

Vývoj cien na svetových trhoch základných surovín v prvom polroku 1995. Vzostup cien priemyselných surovín aj niektorých poľnohospodárskych komodít. Klimatické podmienky v hlavných pestovateľských oblastiach a cenový vývoj.

Enregistré dans:
Détails bibliographiques
Auteur principal: Truncová, D.
Format: Chapitre de livre
Langue:slovaque
Sujets:
Tags: Ajouter un tag
Pas de tags, Soyez le premier à ajouter un tag!

MARC

LEADER 00000naa a2200000 4500
001 r018681
005 20221205102130.3
041 0 |a slo 
044 |a SK 
245 1 0 |a Všeobecný ekonomický rast stimuloval ceny surovín  |c D. Truncová 
520 |a Vývoj cien na svetových trhoch základných surovín v prvom polroku 1995. Vzostup cien priemyselných surovín aj niektorých poľnohospodárskych komodít. Klimatické podmienky v hlavných pestovateľských oblastiach a cenový vývoj. 
610 2 0 |a trh svetový 
610 2 0 |a január-jún 
610 2 0 |a 1995 
610 2 0 |a suroviny 
610 2 0 |a ceny burzové 
610 2 0 |a komodity 
610 2 0 |a burzy plodinové 
610 2 0 |a rast hospodársky 
100 1 |a Truncová, D.